Teatro San Benito Abad /
Збережено в:
| Автор: | |
|---|---|
| Інші автори: | |
| Формат: | Книга |
| Мова: | Іспанська |
| Предмети: | |
| Теги: |
MARC
| LEADER | 00000nam^a2200000^a^4500 | ||
|---|---|---|---|
| 001 | 000184877 | ||
| 005 | 20250521000000.0 | ||
| 009 | 20260310102130.436 | ||
| 037 | |a Acervo ITESO - Biblioteca | ||
| 041 | |a ESP | ||
| 082 | |a 720. 972 |b CHA ACU | ||
| 100 | |a Chávez de la Mora, Gabriel |e (autor) | ||
| 245 | 1 | 0 | |a Teatro San Benito Abad / |c G. Chávez de la Mora ; introd. de J. Acuña Herrera. |
| 264 | |a México : |b Centro Escolar del Lago, |c 2000 | ||
| 300 | |a 32 p. | ||
| 336 | |a texto |b txt |2 rdacontenido | ||
| 337 | |a sin mediación |b n |2 rdamedio | ||
| 338 | |a volumen |b nc |2 rdasoporte | ||
| 649 | |a XX | ||
| 650 | |a Arquitectos Jaliscienses | ||
| 650 | |a Arquitectos Mexicanos | ||
| 650 | |a Artistas Jaliscienses | ||
| 650 | |a Artistas Mexicanos | ||
| 650 | |a Teatros - |z México (Ciudad) - |x Tema Principal | ||
| 650 | |a Teatros - |z México | ||
| 650 | |a Arquitectura Moderna - |x Historia y Crítica | ||
| 650 | |a Arquitectura Mexicana - |y Siglo XX | ||
| 650 | |a Arquitectura Mexicana - |x Historia y Crítica | ||
| 650 | |a Arte Moderno - |x Historia y Crítica | ||
| 650 | |a Arte Mexicano - |y Siglo XX | ||
| 650 | |a Arte Mexicano - |x Historia y Crítica | ||
| 650 | |a México (Ciudad) - |x Descripción | ||
| 650 | |a México - |x Descripción | ||
| 700 | |a Acuña Herrera, Jorge |e (introducción) | ||
| 910 | |a Fondo Julio de la Peña Lomelín | ||
| 920 | |a Impresos - Libros | ||
| 930 | |a Arquitectos Jaliscienses | ||
| 905 | |a 115 | ||
| 901 | |a 0500125852 |b IT1 |c JAL |u 20250521 | ||
| 902 | |a https://opac.biblio.iteso.mx/vufind/Record/000184877 | ||